Ejercicio del decir

Uloženo v:
Podrobná bibliografie
Hlavní autor: Morales Milohnic, Andrés (autor)
Médium: Kniha
Jazyk:španělština
Vydáno: Santiago Caja Negra 1988
Edice:Serie Fin de Siglo, 5
Témata:
Tagy: Přidat tag
Žádné tagy, Buďte první, kdo vytvoří štítek k tomuto záznamu!

MARC

LEADER 00000nam a2200000 a 4500
001 UCX1896
003 CL-VaPUC
008 901114e19880000CL |||||||||||||||||spa|d
082 0 4 |a Ch861  |b MOR  |2 21 
100 |a Morales Milohnic, Andrés  |e autor  |9 317601 
245 1 0 |a Ejercicio del decir 
300 |a 35 p 
942 |c BK 
945 |d 19901114 00:00:00 
260 |a Santiago  |b Caja Negra  |c 1988 
650 0 |a Poesías chilenas   |9 265280 
583 |a last modification  |c 20120708 10:08:36  |k Rodrigo Vera 
490 0 |a Serie Fin de Siglo, 5 
999 |c 223029  |d 223027 
952 |0 0  |1 0  |4 0  |6 CH_861_000000000000000_MOR_1988  |7 0  |8 A  |9 218423  |a BIBEDU  |b BIBEDU  |d 2019-11-15  |i 2872595  |o Ch861 MOR 1988  |p 2872595  |r 2019-11-15  |w 2019-11-15  |y BK  |k LIT